Report of the Indian delegation to China on agrarian cooperatives (Record no. 20042)

MARC details
000 -LEADER
fixed length control field 00335nam a2200109Ia 4500
082 ## - DEWEY DECIMAL CLASSIFICATION NUMBER
Classification number 338.436(540+510)
Item number IND
245 #0 - TITLE STATEMENT
Title Report of the Indian delegation to China on agrarian cooperatives
260 ## - PUBLICATION, DISTRIBUTION, ETC. (IMPRINT)
Place of publication New Delhi
Name of publisher Planning Commission
Year of publication 1957
650 ## - SUBJECT ADDED ENTRY--TOPICAL TERM
Topical Term Agrarian structure
942 ## - ADDED ENTRY ELEMENTS (KOHA)
Koha item type Books
Holdings
Withdrawn status Lost status Damaged status Not for loan Home library Current library Date acquired Source of acquisition Full call number Accession Number Koha item type
        RRII Library RRII Library 16/12/2021 Auction 338.436(540+510) IND 00770 Books